000 00392nam a2200145Ia 4500
008 230917s9999||||xx |||||||||||||| ||und||
040 _e126882
_aMAIN
041 _aEnglish
082 _a005.74
100 _aKroenke, David M.
245 0 _aDayabase procussing: fundamentals, design and implementation
260 _aNew Delhi
_bDorling Kindersley
_c2007
300 _a731p p.
942 _cBK
999 _c138955
_d138955